000 00595nam a22001817a 4500
005 20250311105237.0
010 _aENG-144054
020 _c1600.00
035 _aEN-127586
037 _bDBAD
082 _a344.5431035643
_21
100 _aSubramaniyam, Ravi
_979493
245 _aTamil Nadu Prison Manual/
_cBy Ravi Subramaniyam
260 _bCTC Publiccations Pvt. Ltd
_aIndIa
_c2016
270 _bChennai
_e600004
_a5-B, Sanskrit Collage Street, Mylapore
_mctcpublications@gmail.com
_k24982698
300 _axliv,900p.
_c24cm(pb)
942 _2ddc
_cEN
_h344.5431035643
_mSUB
_e1
999 _c210216
_d210216